000 00611nam a2200229Ia 4500
003 OSt
005 20221007072045.0
006 a|||||r|||| 00| 0
007 ta
008 221006b |||||||| |||| 00| 0 eng d
024 _a13,792
037 _cTextual
040 _aFLL
_cFLL
_beng
041 _2eng
_aeng
082 _aWxK32, L3
100 _aGough J.W. Au.
_9689989
245 0 _aJohn's locke's polotical philosophy
260 _aLondon
_bOxford university press London
_c1973
300 _a225p
_ccm.
942 _hWxK32, L3
_cTEXL
_2CC
999 _c1145102
_d1145102